V.I.Lê-nin toàn tập T.42 Tháng Mười một 1920 - tháng Ba 1921
Gồm các bài diễn văn, báo cáo, dự thảo của Lênin phản ảnh một thời kì có tính chất bước ngặt trong đời sống của nhà nước Xô Viết, và nước cộng hoà Xô Viết lại một lần nữa trực tiếp đứng ngay trước nhiệm vụ xây dựng chủ nghĩa xã hội trong hoà bình...
Spremljeno u:
| Glavni autor: | |
|---|---|
| Format: | Knjiga |
| Jezik: | Vietnamese |
| Izdano: |
H.
Tiến bộ Mát-xcơ-va
1977
|
| Teme: | |
| Oznake: |
Dodaj oznaku
Bez oznaka, Budi prvi tko označuje ovaj zapis!
|
| Thư viện lưu trữ: | Mạng thư viện Đại học Đà Nẵng |
|---|
| LEADER | 01659aam a22004098a 4500 | ||
|---|---|---|---|
| 001 | 000008073 | ||
| 003 | 4254 | ||
| 005 | 20111115091158.0 | ||
| 008 | 111013s1977 viesd | ||
| 020 | |d 1000b | ||
| 041 | |a vie | ||
| 082 | |2 14 |a 335.402 |b LÊ-N | ||
| 084 | |b V000T | ||
| 084 | |a A15 | ||
| 100 | 1 | |a Lênin, V.I. | |
| 245 | |a V.I.Lê-nin toàn tập |c V.I. Lênin |n T.42 |p Tháng Mười một 1920 - tháng Ba 1921 | ||
| 260 | |a H. |b Tiến bộ |b Mát-xcơ-va |c 1977 | ||
| 300 | |a 765 tr |c 19 cm | ||
| 520 | |a Gồm các bài diễn văn, báo cáo, dự thảo của Lênin phản ảnh một thời kì có tính chất bước ngặt trong đời sống của nhà nước Xô Viết, và nước cộng hoà Xô Viết lại một lần nữa trực tiếp đứng ngay trước nhiệm vụ xây dựng chủ nghĩa xã hội trong hoà bình | ||
| 650 | 7 | |2 Bộ TK TVQG |a Chủ nghĩa Mác Lênin | |
| 650 | 7 | |2 Bộ TK TVQG |a Hoạt động | |
| 653 | |a Toàn tập | ||
| 653 | |a Nhà nước Xô Viết | ||
| 653 | |a Xây dựng CNXH | ||
| 655 | 7 | |2 Bộ TK TVQG |a Toàn tập | |
| 773 | |t V.I.Lê-nin toàn tập |w 4233 | ||
| 910 | |a Nguyễn Thị Kim Oanh |d 13/10/2011 | ||
| OWN | |a LSP | ||
| AVA | |a UDN50 |b LSP |d 335.402 LÊ-N |e available |t Error 5001 Not defined in file expand_doc_bib_avail. |f 2 |g 0 |h N |i 0 |k 1 | ||
| 999 | |a From the UDN01 | ||
| AVA | |a UDN50 |b LSP |d 335.402 LÊ-N |e available |t Error 5001 Not defined in file expand_doc_bib_avail. |f 2 |g 0 |h N |i 0 |k 1 | ||
| TYP | |a Monograph | ||
| TYP | |a Printed language | ||
| 980 | |a Mạng thư viện Đại học Đà Nẵng | ||